00741pab a2200157 454500008004000000100002600040245005700066260000900123300001500132362001100147520032300158650002800481650002400509650001600533773003400549180718b2000 xxu||||| |||| 00| 0 eng d aBalakrishnan, Pulapre aAgriculture and economic reforms: growth and welfare c2000 ap.999-1004 a18 Mar aThis paper provides an overview of the principal developments in the agricultural sector since 1991, i.e. since the economic reforms, and of their likely consequence for the standard of living. The paper has been conceived more with a view to raising essential questions than providing complete solutions. - Reproduced aEconomic reform - India aAgriculture - India aAgriculture aEconomic and Political Weekly